Hormonas / (Record no. 138817)

MARC details
000 -LEADER
campo de control de longitud fija 00548nam a2200169 4500
001 - NÚMERO DE CONTROL
campo de control 138817
003 - IDENTIFICADOR DE NÚMERO DE CONTROL
campo de control ES-MaACL
005 - FECHA Y HORA DE LA ÚLTIMA TRANSACCIÓN
campo de control 20230906195637.0
007 - CAMPO FIJO DE DESCRIPCIÓN FÍSICA--INFORMACIÓN GENERAL
campo de control de longitud fija t|
008 - DATOS DE LONGITUD FIJA--INFORMACIÓN GENERAL
campo de control de longitud fija 070214s1940 sp r ||||1| spa d
100 1# - ENTRADA PRINCIPAL--NOMBRE DE PERSONA
Nombre de persona Santos Ruiz, Angel.
9 (RLIN) 103531
245 10 - MENCIÓN DEL TÍTULO
Título Hormonas /
Mención de responsabilidad, etc. prof. Dr. Angel Santos Ruiz ; prólogo del Dr. A. de G. Rocasolano.
260 ## - PUBLICACIÓN, DISTRIBUCIÓN, ETC.
Lugar de publicación, distribución, etc. Madrid :
Nombre del editor, distribuidor, etc. S. A. E. T. A.,
Fecha de publicación, distribución, etc. 1940 (
Fabricante Nuevas Gráficas)
300 ## - DESCRIPCIÓN FÍSICA
Extensión 328 p., 1 lám. ;
Dimensiones 25 cm.
700 1# - ENTRADA AGREGADA--NOMBRE PERSONAL
Nombre de persona Gregorio Rocasolano, Antonio de.
9 (RLIN) 59907
852 ## - LOCALIZACIÓN
Ubicación ES-MaACL
Número de control de estantería E-1036
Sublocalización o colección R.18564
Holdings
Estatus retirado Estado de pérdida Estado de daño No para préstamo Biblioteca de origen Biblioteca actual Ubicación en estantería Fecha de adquisición Fuente de adquisición Total de préstamos Signatura topográfica completa Código de barras Visto por última vez Precio de reemplazo Tipo de ítem Koha
        Biblioteca del Ateneo de Madrid Biblioteca del Ateneo de Madrid Depósito 2 17/01/2008     E-1036 1144450 23/02/2023 23/02/2023 Libro impreso